Orientación grupal

Guardat en:
Dades bibliogràfiques
Autors principals: Barros, Manena (Autor), Alvarez, Manuel Francisco (Autor)
Format: Llibre
Idioma:espanyol
Publicat: Bogotá Indo American Press Service 1990
Col·lecció:Colección pedagogía grupal, 4
Matèries:
Etiquetes: Afegir etiqueta
Sense etiquetes, Sigues el primer a etiquetar aquest registre!

MARC

LEADER 00000nam a2200000 a 4500
001 UCW5695
003 CL-VaPUC
008 910729e19900000CK |||||||||||||||||spa|d
082 0 4 |a 371.2422  |b BAR  |2 21 
100 0 |a Barros, Manena  |e author  |9 310676 
700 0 |a Alvarez, Manuel Francisco  |e author  |9 310677 
245 1 0 |a Orientación grupal 
300 |a 85 p 
942 |c BK 
945 |d 19910729 00:00:00 
260 |a Bogotá  |b Indo American Press Service  |c 1990 
650 7 |a CONSEJO DE CURSO  |2 CL-VaPUC  |9 310678 
650 0 |a Dinámica de grupos   |9 259862 
583 |a last modification  |c 19910729 00:00:00  |k Rodrigo Vera 
490 0 |a Colección pedagogía grupal, 4 
999 |c 219038  |d 219036 
952 |0 0  |1 0  |4 0  |6 371_242200000000000_BAR_1990  |7 0  |8 P  |9 209483  |a BIBEDU  |b BIBEDU  |c BIBEDU_PB  |d 2019-11-15  |i 2773643  |o 371.2422 BAR 1990  |p 2773643  |r 2024-01-25  |w 2019-11-15  |y BK  |k EDU 
952 |0 0  |1 0  |4 0  |6 371_242200000000000_BAR_1990  |7 0  |8 P  |9 209484  |a BIBEDU  |b BIBEDU  |c BIBEDU_PB  |d 2019-11-15  |i 2773651  |o 371.2422 BAR 1990  |p 2773651  |r 2024-01-25  |w 2019-11-15  |y BK  |k EDU